000
00305nam a22001217a 4500
082
_a
894.812
_b
PUT/C
100
_a
PUTHUSSERY, VARGHESE
245
_a
COUNSELLINGUM MANASIKA AAROGYAVUM
260
_a
KACHERIPADY
_b
SANTHWANA COUNSELLING CENTRE
300
_a
112
650
_a
MOTIVATIONAL
_z
KERALA
942
_c
BK
999
_c
1186
_d
1186